[Event "Michigan Class D/E"]
[Site "Auburn Hills"]
[Date "2005.01.16"]
[Round "5.14"]
[White "Ormechea, John Marc"]
[Black "Scheller, Will"]
[Result "0-1"]
[WhiteElo "982"]
[BlackElo "988"]
[PlyCount "44"]
[EventDate "2005.01.15"]
[EventType "swiss"]
[EventRounds "5"]
[EventCountry "USA"]
[SourceTitle "EXT 2006"]
[Source "ChessBase"]
[SourceDate "2005.11.24"]
[SourceVersion "1"]
[SourceVersionDate "2005.11.24"]
[SourceQuality "1"]

1. e4 e5 2. Nf3 d6 3. d4 exd4 4. Nxd4 Nf6 5. Nc3 Bd7 6. Bg5 Be7 7. Bd3 Nc6 8. Nxc6 Bxc6 9. f4 0-0 10. Bxf6 Bxf6 11. 0-0 Re8 12. Re1 Bd4+ 13. Kh1 Qd7 14. Qd2 Re7 15. Re2 Rae8 16. Rae1 Qg4 17. Nd1 Qd7 18. c4 Bb6 19. e5 dxe5 20. Rxe5 Rxe5 21. Rxe5 Rxe5 22. fxe5 Be4 0-1

[Event "Michigan Class D/E"]
[Site "Auburn Hills"]
[Date "2005.01.15"]
[Round "2.12"]
[White "Campbell, Michael"]
[Black "Ormechea, John Marc"]
[Result "1/2-1/2"]
[WhiteElo "1331"]
[BlackElo "982"]
[PlyCount "56"]
[EventDate "2005.01.15"]
[EventType "swiss"]
[EventRounds "5"]
[EventCountry "USA"]
[SourceTitle "EXT 2006"]
[Source "ChessBase"]
[SourceDate "2005.11.24"]
[SourceVersion "1"]
[SourceVersionDate "2005.11.24"]
[SourceQuality "1"]

1. e4 e6 2. d4 d5 3. Nc3 Nf6 4. e5 Nfd7 5. Nf3 c5 6. Be3 Qb6 7. b3 Qb4 8. Qd2 Qa5 9. Be2 cxd4 10. Bxd4 Bc5 11. Bxc5 Qxc5 12. Na4 Qc7 13. Qc3 Qxc3+ 14. Nxc3 a6 15. 0-0 Nc6 16. Rfe1 0-0 17. Bd3 Nc5 18. a3 Nxd3 19. cxd3 b5 20. b4 Bb7 21. Rac1 Rfc8 22. Ne2 a5 23. Ned4 axb4 24. Nxc6 Bxc6 25. axb4 Bb7 26. Nd4 Ra4 27. Rxc8+ Bxc8 28. Rb1 Bd7 1/2-1/2

[Event "Lansing op"]
[Site "Lansing"]
[Date "2004.09.05"]
[Round "4"]
[White "Ferguson, Sheldon"]
[Black "Ormechea, John Marc"]
[Result "1-0"]
[WhiteElo "842"]
[BlackElo "949"]
[PlyCount "67"]
[EventDate "2004.09.03"]
[EventType "swiss"]
[EventRounds "7"]
[EventCountry "USA"]
[SourceTitle "EXT 2007"]
[Source "ChessBase"]
[SourceDate "2006.11.23"]
[SourceVersion "1"]
[SourceVersionDate "2006.11.23"]
[SourceQuality "1"]

1. e4 e6 2. d4 d5 3. Nc3 Nf6 4. Bg5 Be7 5. e5 Nfd7 6. Bxe7 Qxe7 7. Nf3 c5 8. Bb5 0-0 9. Be2 b6 10. 0-0 Ba6 11. Bxa6 Nxa6 12. a3 Nc7 13. Re1 Rab8 14. Ne2 b5 15. Ng3 f6 16. c3 b4 17. axb4 cxb4 18. Rb1 bxc3 19. bxc3 Qa3 20. Qc1 Rxb1 21. Qxa3 Rfb8 22. Qd6 Nxe5 23. dxe5 Ne8 24. Qxe6+ Kh8 25. exf6 Nxf6 26. Nf1 a5 27. Rxb1 Rxb1 28. Qc8+ Ng8 29. Qc5 a4 30. Qa3 Rb3 31. Qxa4 Rxc3 32. Ne5 Rc7 33. Qc6 Rxc6 34. Nf7# 1-0

[Event "Lansing op"]
[Site "Lansing"]
[Date "2004.09.05"]
[Round "5"]
[White "Ormechea, John Marc"]
[Black "Achukola, Raghuveer"]
[Result "1-0"]
[WhiteElo "949"]
[BlackElo "610"]
[PlyCount "73"]
[EventDate "2004.09.03"]
[EventType "swiss"]
[EventRounds "7"]
[EventCountry "USA"]
[SourceTitle "EXT 2007"]
[Source "ChessBase"]
[SourceDate "2006.11.23"]
[SourceVersion "1"]
[SourceVersionDate "2006.11.23"]
[SourceQuality "1"]

1. e4 e5 2. Nf3 Nc6 3. Bb5 a6 4. Ba4 b5 5. Bb3 Bc5 6. c3 d6 7. 0-0 Nf6 8. Re1 0-0 9. d4 h6 10. dxc5 dxc5 11. Nbd2 c4 12. Bc2 Ne7 13. Nxe5 Qd6 14. Ndf3 Bg4 15. Qxd6 Bxf3 16. Qxe7 Rae8 17. Qxc7 Ng4 18. Nxf3 Nf6 19. Bf4 Rd8 20. Rad1 Rc8 21. Rd2 Rxc7 22. Bxc7 Rc8 23. Rd8+ Rxd8 24. Bxd8 Nd7 25. Rd1 Nc5 26. e5 Nb7 27. Bc7 f6 28. e6 Kf8 29. Bg6 Ke7 30. Bf7 Nc5 31. Bd6+ Kd8 32. Bxc5+ Kc7 33. e7 Kc6 34. e8Q+ Kb7 35. Qd7+ Ka8 36. Qc6+ Kb8 37. Rd8# 1-0

[Event "Auburn Hills op"]
[Site "Auburn Hills"]
[Date "2004.04.17"]
[Round "2"]
[White "Crist, Kevin"]
[Black "Ormechea, John Marc"]
[Result "1/2-1/2"]
[WhiteElo "1244"]
[BlackElo "639"]
[PlyCount "84"]
[EventDate "2004.04.17"]
[EventType "swiss"]
[EventRounds "5"]
[EventCountry "USA"]
[SourceTitle "EXT 2008"]
[Source "ChessBase"]
[SourceDate "2007.11.25"]
[SourceVersion "1"]
[SourceVersionDate "2007.11.25"]
[SourceQuality "1"]

1. d4 Nf6 2. Nf3 g6 3. Bg5 Bg7 4. Bxf6 Bxf6 5. e4 d6 6. c3 Nd7 7. Bc4 e5 8. 0-0 0-0 9. d5 Nb6 10. Be2 Bd7 11. Na3 c6 12. dxc6 Bxc6 13. Nd2 d5 14. Bb5 Rb8 15. Bxc6 bxc6 16. Rb1 Nc4 17. Naxc4 dxc4 18. Nxc4 Qxd1 19. Rfxd1 Rfd8 20. Rxd8+ Rxd8 21. Na5 Rd6 22. f3 a6 23. Nb7 Rd7 24. Nc5 Ra7 25. Rd1 Be7 26. Nd7 f6 27. Nb6 Bc5+ 28. Kf1 Bxb6 29. Rd6 Be3 30. Rxc6 Kf7 31. c4 a5 32. b3 Rd7 33. Ke2 Bd2 34. a3 Bc3 35. Kf2 Rd2+ 36. Kg3 Rb2 37. b4 axb4 38. axb4 Be1+ 39. Kh3 Bxb4 40. c5 Bxc5 41. Rxc5 Rb7 42. Kg4 h5+ 1/2-1/2

[Event "East Grand Rapids op"]
[Site "East Grand Rapids"]
[Date "2004.03.27"]
[Round "3"]
[White "Ormechea, John Marc"]
[Black "Smith, Chad"]
[Result "1-0"]
[WhiteElo "713"]
[BlackElo "687"]
[PlyCount "59"]
[EventDate "2004.03.27"]
[EventType "swiss"]
[EventRounds "5"]
[EventCountry "USA"]
[SourceTitle "EXT 2007"]
[Source "ChessBase"]
[SourceDate "2006.11.23"]
[SourceVersion "1"]
[SourceVersionDate "2006.11.23"]
[SourceQuality "1"]

1. e4 e5 2. Nf3 d6 3. d4 exd4 4. Nxd4 d5 5. e5 a6 6. Be3 Qd7 7. Bd3 Nc6 8. Bf5 Qe7 9. Nxc6 bxc6 10. Bxc8 Rxc8 11. f4 Rd8 12. Qf3 Qb4+ 13. Nd2 d4 14. Qxc6+ Rd7 15. Bf2 Qxb2 16. 0-0 a5 17. Qa8+ Rd8 18. Qxa5 Rd7 19. Rac1 Bb4 20. Qa8+ Rd8 21. Qb7 Qc3 22. Ne4 Qc4 23. a4 d3 24. cxd3 Qb3 25. Bc5 Bxc5+ 26. Nxc5 Qxb7 27. Nxb7 Rxd3 28. Rxc7 Nf6 29. Rc8+ Ke7 30. Rxh8 1-0

[Event "Warren Decemb op"]
[Site "Warren"]
[Date "2003.12.13"]
[Round "4"]
[White "Ormechea, John Marc"]
[Black "Bezrutch, Brian"]
[Result "0-1"]
[WhiteElo "713"]
[BlackElo "1443"]
[PlyCount "66"]
[EventDate "2003.12.13"]
[EventType "swiss (rapid)"]
[EventRounds "6"]
[EventCountry "USA"]
[SourceTitle "EXT 2008"]
[Source "ChessBase"]
[SourceDate "2007.11.25"]
[SourceVersion "1"]
[SourceVersionDate "2007.11.25"]
[SourceQuality "1"]

1. d4 d5 2. c4 dxc4 3. Nc3 Nf6 4. e3 e6 5. Bxc4 Be7 6. Nf3 0-0 7. 0-0 b6 8. d5 exd5 9. Nxd5 Bb7 10. Nxe7+ Qxe7 11. Bd3 Nbd7 12. b3 Rad8 13. a4 Ne5 14. Ba3 c5 15. Bb2 Nxd3 16. Bxf6 Qxf6 17. Qe2 Bxf3 18. Qxf3 Rd7 19. Rad1 Rfd8 20. Qxf6 gxf6 21. h4 Nb4 22. g4 Rxd1 23. g5 fxg5 24. hxg5 Rxf1+ 25. Kxf1 Rd3 26. Ke2 Rxb3 27. f4 c4 28. Kd2 c3+ 29. Kc1 c2 30. Kd2 Rb1 31. Kc3 c1Q+ 32. Kd4 Qd2+ 33. Ke4 Qd5# 0-1